Gentilés des villes françaises - Niveau facile - Statistiques

Statistiques générales
  • Ce quiz a été pris 112 fois
  • Le résultat moyen est 14 sur 15
Statistiques - réponses
Gentilé Ville % Correct
Amiénoise, Amiénois Amiens
100%
Caennaise, Caennais Caen
100%
Clermontoise, Clermontois Clermont-Ferrand
100%
Nantaise, Nantais Nantes
100%
Parisienne, Parisien Paris
100%
Bordelaise, Bordelais Bordeaux
99%
Havraise, Havrais Le Havre
99%
Mulhousienne, Mulhousien Mulhouse
99%
Rouennaise, Rouennais Rouen
99%
Chambérienne, Chambérien Chambéry
98%
Rochelaise, Rochelais La Rochelle
94%
Nouméenne, Nouméen Nouméa
87%
Blanc-Mesniloise, Blanc-Mesnilois Le Blanc-Mesnil
85%
Colombienne, Colombien Colombes
83%
Antonienne, Antonien Antony
71%
Aucun quiz correspondant
Distribution des résultats
% des personnes avec chaque résultat
Percentile par nombre de réponses
Votre historique - résultats
Vous n’avez pas pris ce quiz